|
|
|
|
| LEADER |
00000nab a2200000 a 4500 |
| 001 |
vtls000820656 |
| 003 |
SK-MaSNL |
| 005 |
20260304174229.0 |
| 008 |
250429c2002 xo 0 slo |
| 015 |
|
|
|a SNBRB2003/01-00934
|
| 035 |
|
|
|a CLN000172311
|
| 035 |
|
|
|a urn:nbn:sk:snk-abp8z
|
| 035 |
|
|
|a (urnnbn)urn:nbn:sk:snk:ar-004dcn
|
| 035 |
|
|
|a (uuid)e0bc0901-931a-4eb4-b3da-91529f57e73b
|
| 040 |
|
|
|a SNKBUCL
|b slo
|c SNKBUCL
|e AACR2
|
| 041 |
0 |
|
|a slo
|
| 044 |
|
|
|a xo
|c SK
|
| 080 |
|
|
|a 616.5-001.17:615.468.27
|2 1997
|
| 100 |
1 |
|
|a Babík, Ján,
|d 1946-
|4 aut
|9 189979
|
| 245 |
1 |
0 |
|a Pooperačná starostlivosť o jazvy po popálení
|c Ján Babík
|
| 504 |
|
|
|a Res. slov.
|
| 504 |
|
|
|a Bibliogr. odkazy
|
| 650 |
0 |
7 |
|a popáleniny
|2 snkbucl
|9 15400
|
| 650 |
0 |
7 |
|a jazva hypertrofická
|2 snkbucl
|9 1055583
|
| 650 |
0 |
7 |
|a hojenie rán
|2 snkbucl
|9 72982
|
| 650 |
0 |
7 |
|a pooperačná starostlivosť
|2 snkbucl
|9 87038
|
| 650 |
0 |
7 |
|a náplasť silikónová
|2 snkbucl
|9 1505371
|
| 655 |
|
7 |
|a články z novín a časopisov
|2 snkbucl
|9 267496
|
| 773 |
0 |
|
|t Derma
|g Roč. 2, č. 3 (2002), s. 43-44
|x 1335-7360
|
| 850 |
|
|
|a Slovenská národná knižnica
|
| 852 |
|
|
|a Slovenská národná knižnica
|
| 954 |
|
|
|a odborná, vedecká literatúra pôvodná (slovenská)
|2 lita
|
| 958 |
|
|
|a article27
|
| 958 |
|
|
|a MI
|
| 958 |
|
|
|a NB
|
| 958 |
|
|
|a OND
|
| 958 |
|
|
|a EUIPO
|
| 992 |
|
|
|a RBX
|
| 999 |
|
|
|c 3007713
|d 3009643
|